|
|
|
|
| LEADER |
00000nab a2200000 a 4500 |
| 001 |
vtls008690565 |
| 003 |
SK-MaSNL |
| 005 |
20260304140612.0 |
| 008 |
250505c2006 xo mr|p||| |000 b|slo |
| 015 |
|
|
|a SNBRB2006/4
|
| 035 |
|
|
|a (uuid)b04facf9-4323-429e-a8cd-b900c30b9d8c
|
| 035 |
|
|
|a urn:nbn:sk:snk-abd55a
|
| 035 |
|
|
|a (urnnbn)urn:nbn:sk:snk:ar-007fld
|
| 038 |
|
|
|a SPK
|
| 040 |
|
|
|a SNKBUCL
|b slo
|c SNKBUCL
|e AACR2
|
| 041 |
0 |
|
|a slo
|
| 044 |
|
|
|a xo
|c SK
|
| 080 |
|
|
|a 379.8-053.2
|2 1997
|
| 080 |
|
|
|a 339.923
|x (4)
|2 1997
|
| 100 |
1 |
|
|a Dráfi, Ladislav
|4 aut
|9 484934
|
| 245 |
1 |
0 |
|a Inovatívne programy členských štátov EAICY
|c Ladislav Dráfi
|
| 610 |
2 |
7 |
|a Európska únia
|2 spk
|9 29861
|
| 610 |
2 |
7 |
|a Európska asociácia zariadení pre voľný čas detí a mládeže
|2 spk
|9 1417241
|
| 650 |
0 |
7 |
|a voľný čas
|2 spk
|9 3355
|
| 650 |
0 |
7 |
|a dieťa
|2 spk
|9 294563
|
| 650 |
0 |
7 |
|a mládež
|2 spk
|9 1575
|
| 773 |
0 |
|
|t Vychovávateľ
|g Roč. LIII, č. 8 (2006), s. 10-12
|x 0139-6919
|
| 850 |
|
|
|a Slovenská národná knižnica
|
| 852 |
|
|
|a Slovenská národná knižnica
|
| 954 |
|
|
|a odborná, vedecká literatúra pôvodná (slovenská)
|2 lita
|
| 958 |
|
|
|a article17
|
| 958 |
|
|
|a NB
|2 spk
|
| 958 |
|
|
|a OND
|
| 958 |
|
|
|a EUIPO
|
| 999 |
|
|
|c 2915939
|d 2917869
|